Complex geometry seminar
Enregistré dans:
| Auteurs principaux: | , |
|---|---|
| Format: | Livre |
| Langue: | espagnol |
| Publié: |
Santiago
Pontificia Universidad Católica de Chile
1994
|
| Sujets: | |
| Tags: |
Ajouter un tag
Pas de tags, Soyez le premier à ajouter un tag!
|
MARC
| LEADER | 00000nam a2200000 a 4500 | ||
|---|---|---|---|
| 001 | UCU9383 | ||
| 003 | CL-VaPUC | ||
| 008 | 960816e19940000CL |||||||||||||||||spa|d | ||
| 082 | 0 | 4 | |a 516 |b GON |2 21 |
| 100 | |a González-Aguilera, Víctor |e author |9 368436 | ||
| 700 | 0 | |a Rodríguez M., Rubí |e author |9 368437 | |
| 245 | 1 | 0 | |a Complex geometry seminar |
| 300 | |a v | ||
| 942 | |c BK | ||
| 945 | |d 19960816 00:00:00 |a rbrito | ||
| 260 | |a Santiago |b Pontificia Universidad Católica de Chile |c 1994 | ||
| 650 | 0 | |a Geometría |9 264063 | |
| 650 | 0 | |a Geometría analítica |9 260062 | |
| 650 | 0 | |a Congresos |9 257560 | |
| 650 | 0 | |a Matrices |9 22 | |
| 650 | 7 | |a GEOMETRIA LINEAL |2 CL-VaPUC |9 368438 | |
| 583 | |a last modification |c 19960816 00:00:00 |k Rodrigo Vera | ||
| 999 | |c 251139 |d 251137 | ||
| 952 | |0 0 |1 0 |4 0 |6 516_000000000000000_GON_1994 |7 0 |8 A |9 270116 |a BIBMAT |b BIBMAT |d 2019-11-19 |h v.3 |i 3220451 |o 516 GON 1994 |p 3220451 |r 2025-01-07 |w 2019-11-19 |y BK |k MAT | ||